00650nam a2200217Ia 4500003000400000005001700004006001800021007000300039008004100042024001000083037001800093040001800111041001300129100001500142110007900157245006000236260000900296650001400305700003400319700007900353OSt20220930203931.0a|||||r|||| 00| 0ta220926b |||||||| |||| 00| 0 eng d a81113 cDissertations aCRLcCRLbeng 2engaeng aGhai Vimla aUniversity of Delhi. Faculty of Medicine Sciences. Department of Pathology 0aPathological changes in placentas of still born fetuses c1961 aPATHOLOGY a Supervisor : Dr. D. N. Gupta aUniversity of Delhi. Faculty of Medicine Sciences. Department of Pathology